000 00686nam a2200289Ia 4500
005 20260324145704.0
008 008 260324s9999 xx 000 0 eng d
020 _a9781003494232
037 _aEBOOK
040 _aCRL
040 _beng
040 _cCRL
041 _2eng
041 _aeng
084 _qCRL
100 _aMargrit Eichler
_91216779
245 4 _aThe Double Standard
245 2 _bA Feminist Critique of Feminist Social Science
260 _bTaylor and Francis
260 _c1980
365 _a
365 _b150
856 _uhttp://www.taylorfrancis.com/books/9781003494232
942 _cEBOOK
999 _c1832102
_d1832102